MARC

Tag First Indicator Second Indicator Subfields
LEADER 00000cas a2200000 a 4500
001 in00000071347
005 20171012133816.0
008 780608c19789999oruar 1 a0eng d
010 |a sn 91004695  
035 |a (OCoLC)ocm03959454 
035 |9 AAJ9677AM 
040 |a COO  |b eng  |c COO  |d NSD  |d AGL  |d OCLCQ  |d OCLCF  |d OCLCO 
022 0 |a 1060-2798  |l 1060-2798  |2 1 
029 1 |a AU@  |b 000025873545 
042 |a nsdp  |a msc 
043 |a n-us-or  |a n-us-wa  |a n-cn-bc 
082 1 0 |a 634  |2 12 
090 |a SB401  |b N8 
049 |a TXAM 
110 2 |a Nut Growers Society of Oregon, Washington and British Columbia. 
210 0 |a Proc. Nut Grow. Soc. Or. Wash. B.C. 
222 0 |a Proceedings of the Nut Growers Society of Oregon, Washington & British Columbia 
245 1 0 |a Proceedings of the Nut Growers Society of Oregon, Washington & British Columbia. 
246 1 4 |a Growers handbook, proceedings & membership roster 
246 1 |a Proceedings & membership roster 
246 1 |a Proceedings and membership roster 
246 1 |i Vol. for 2015 has title:  |a Proceedings, growers handbook & membership roster 
246 1 |i Vol. for 2017 has title:  |a Growers handbook / Nut Growers Society Oregon, Washington, British Columbia annual meeting 
264 1 |a Tigard, Or. :  |b Nut Growers Society of Oregon, Washington & British Columbia,  |c [1978-] 
300 |a volumes :  |b illustrations ;  |c 22 cm. 
310 |a Annual 
336 |a text  |b txt  |2 rdacontent 
337 |a unmediated  |b n  |2 rdamedia 
338 |a volume  |b nc  |2 rdacarrier 
362 1 |a Began with: 63rd annual meeting (Feb. 1, 1978). 
500 |a Place of publication varies. 
650 0 |a Hazelnut industry  |z Oregon  |v Periodicals. 
650 0 |a Hazelnut industry  |z Washington (State)  |v Periodicals. 
650 0 |a Hazelnut industry  |z British Columbia  |v Periodicals. 
650 7 |a Hazelnut industry.  |2 fast  |0 (OCoLC)fst00952569 
651 7 |a British Columbia.  |2 fast  |0 (OCoLC)fst01205265 
651 7 |a Oregon.  |2 fast  |0 (OCoLC)fst01204579 
651 7 |a Washington (State)  |2 fast  |0 (OCoLC)fst01204703 
655 7 |a Periodicals.  |2 fast  |0 (OCoLC)fst01411641 
776 0 8 |i Online version:  |a Nut Growers Society of Oregon, Washington and British Columbia.  |t Proceedings of the Nut Growers Society of Oregon, Washington & British Columbia  |w (OCoLC)712497544 
780 0 0 |a Nut Growers Society of Oregon and Washington.  |t Proceedings of the Nut Growers Society of Oregon and Washington  |w (OCoLC)7153749 
936 |a 1989 (surrogate) 
994 |a C0  |b TXA 
949 |a updated  |b h  |c 2015/10/16  |e coplinger  |f 9:57:53 am 
999 f f |s 583e4164-4478-3f1c-b229-5d6952de3a5f  |i c853e396-d666-3975-a7e1-ff2cc44e4e4b  |t 0 
952 f f |a Texas A&M University  |b Rellis Campus  |c Joint Library Facility  |d Remote Storage  |e SB401 .N8  |h Library of Congress classification  |i unmediated -- volume  |k 74th  |l 1989  |m A14812316692  |p ric  |s JLF  |t 0 
952 f f |a Texas A&M University  |b Rellis Campus  |c Joint Library Facility  |d Remote Storage  |e SB401 .N8  |h Library of Congress classification  |i unmediated -- volume  |k 81st  |l 1996  |m A14822191997  |p ric  |s JLF  |t 0 
952 f f |a Texas A&M University  |b Rellis Campus  |c Joint Library Facility  |d Remote Storage  |e SB401 .N8  |h Library of Congress classification  |i unmediated -- volume  |k 70th  |l 1985  |m A14811242515  |p ric  |s JLF  |t 0 
952 f f |a Texas A&M University  |b Rellis Campus  |c Joint Library Facility  |d Remote Storage  |e SB401 .N8  |h Library of Congress classification  |i unmediated -- volume  |k 102nd  |l 2017  |m A14850215303  |p ric  |s JLF  |t 0 
952 f f |a Texas A&M University  |b Rellis Campus  |c Joint Library Facility  |d Remote Storage  |e SB401 .N8  |h Library of Congress classification  |i unmediated -- volume  |k 85th  |l 2000  |m A14826283225  |p ric  |s JLF  |t 0 
952 f f |a Texas A&M University  |b Rellis Campus  |c Joint Library Facility  |d Remote Storage  |e SB401 .N8  |h Library of Congress classification  |i unmediated -- volume  |k 64th-68th  |l 1979-1983  |m A14821386141  |p ric  |s JLF  |t 0 
952 f f |a Texas A&M University  |b Rellis Campus  |c Joint Library Facility  |d Remote Storage  |e SB401 .N8  |h Library of Congress classification  |i unmediated -- volume  |k 98th  |l 2013  |m A14842064801  |p ric  |s JLF  |t 0 
952 f f |a Texas A&M University  |b Rellis Campus  |c Joint Library Facility  |d Remote Storage  |e SB401 .N8  |h Library of Congress classification  |i unmediated -- volume  |k 96th  |l 2011  |m A14841356182  |p ric  |s JLF  |t 0 
952 f f |a Texas A&M University  |b Rellis Campus  |c Joint Library Facility  |d Remote Storage  |e SB401 .N8  |h Library of Congress classification  |i unmediated -- volume  |k 97th  |l 2012  |m A14841358045  |p ric  |s JLF  |t 0 
952 f f |a Texas A&M University  |b Rellis Campus  |c Joint Library Facility  |d Remote Storage  |e SB401 .N8  |h Library of Congress classification  |i unmediated -- volume  |k 95th  |l 2010  |m A14841558019  |p ric  |s JLF  |t 0 
952 f f |a Texas A&M University  |b Rellis Campus  |c Joint Library Facility  |d Remote Storage  |e SB401 .N8  |h Library of Congress classification  |i unmediated -- volume  |k 83rd  |l 1998  |m A14825310728  |p ric  |s JLF  |t 0 
952 f f |a Texas A&M University  |b Rellis Campus  |c Joint Library Facility  |d Remote Storage  |e SB401 .N8  |h Library of Congress classification  |i unmediated -- volume  |k 89th  |l 2004  |m A14831421650  |p ric  |s JLF  |t 0 
952 f f |a Texas A&M University  |b Rellis Campus  |c Joint Library Facility  |d Remote Storage  |e SB401 .N8  |h Library of Congress classification  |i unmediated -- volume  |k 71st  |l 1986  |m A14811242523  |p ric  |s JLF  |t 0 
952 f f |p ric  |a Texas A&M University  |b Rellis Campus  |c Joint Library Facility  |s JLF  |d Remote Storage  |t 0  |e SB401 .N8  |h Library of Congress classification  |i unmediated -- volume  |k 2015  |m A14843154247 
952 f f |a Texas A&M University  |b Rellis Campus  |c Joint Library Facility  |d Remote Storage  |e SB401 .N8  |h Library of Congress classification  |i unmediated -- volume  |k 78th  |l 1993  |m A14819335540  |p ric  |s JLF  |t 0 
952 f f |a Texas A&M University  |b Rellis Campus  |c Joint Library Facility  |d Remote Storage  |e SB401 .N8  |h Library of Congress classification  |i unmediated -- volume  |k 104th  |l 2019  |m A14850954414  |p ric  |s JLF  |t 0 
952 f f |a Texas A&M University  |b Rellis Campus  |c Joint Library Facility  |d Remote Storage  |e SB401 .N8  |h Library of Congress classification  |i unmediated -- volume  |k 79th  |l 1994  |m A14819464844  |p ric  |s JLF  |t 0 
952 f f |a Texas A&M University  |b Rellis Campus  |c Joint Library Facility  |d Remote Storage  |e SB401 .N8  |h Library of Congress classification  |i unmediated -- volume  |k 87th  |l 2002  |m A14828640211  |p ric  |s JLF  |t 0 
952 f f |a Texas A&M University  |b Rellis Campus  |c Joint Library Facility  |d Remote Storage  |e SB401 .N8  |h Library of Congress classification  |i unmediated -- volume  |k 84th  |l 1999  |m A14826283186  |p ric  |s JLF  |t 0 
952 f f |a Texas A&M University  |b Rellis Campus  |c Joint Library Facility  |d Remote Storage  |e SB401 .N8  |h Library of Congress classification  |i unmediated -- volume  |k 73rd  |l 1988  |m A14811304587  |p ric  |s JLF  |t 0 
952 f f |a Texas A&M University  |b Rellis Campus  |c Joint Library Facility  |d Remote Storage  |e SB401 .N8  |h Library of Congress classification  |i unmediated -- volume  |k 93rd  |l 2008  |m A14835178966  |p ric  |s JLF  |t 0 
952 f f |a Texas A&M University  |b Rellis Campus  |c Joint Library Facility  |d Remote Storage  |e SB401 .N8  |h Library of Congress classification  |i unmediated -- volume  |k 77th  |l 1992  |m A14819335493  |p ric  |s JLF  |t 0 
952 f f |a Texas A&M University  |b Rellis Campus  |c Joint Library Facility  |d Remote Storage  |e SB401 .N8  |h Library of Congress classification  |i unmediated -- volume  |k 107th  |l 2022  |m A14851841958  |p ric  |s JLF  |t 0 
952 f f |a Texas A&M University  |b Rellis Campus  |c Joint Library Facility  |d Remote Storage  |e SB401 .N8  |h Library of Congress classification  |i unmediated -- volume  |k 76th  |l 1991  |m A14819335192  |p ric  |s JLF  |t 0 
952 f f |a Texas A&M University  |b Rellis Campus  |c Joint Library Facility  |d Remote Storage  |e SB401 .N8  |h Library of Congress classification  |i unmediated -- volume  |k 88th  |l 2003  |m A14830329693  |p ric  |s JLF  |t 0 
952 f f |a Texas A&M University  |b Rellis Campus  |c Joint Library Facility  |d Remote Storage  |e SB401 .N8  |h Library of Congress classification  |i unmediated -- volume  |k 91st  |l 2006  |m A14830855440  |p ric  |s JLF  |t 0 
952 f f |a Texas A&M University  |b Rellis Campus  |c Joint Library Facility  |d Remote Storage  |e SB401 .N8  |h Library of Congress classification  |i unmediated -- volume  |k 94th  |l 2010  |m A14839129317  |p ric  |s JLF  |t 0 
952 f f |a Texas A&M University  |b Rellis Campus  |c Joint Library Facility  |d Remote Storage  |e SB401 .N8  |h Library of Congress classification  |i unmediated -- volume  |k 92nd  |l 2007  |m A14834017751  |p ric  |s JLF  |t 0 
952 f f |a Texas A&M University  |b Rellis Campus  |c Joint Library Facility  |d Remote Storage  |e SB401 .N8  |h Library of Congress classification  |i unmediated -- volume  |k 72nd  |l 1987  |m A14811242531  |p ric  |s JLF  |t 0 
952 f f |a Texas A&M University  |b Rellis Campus  |c Joint Library Facility  |d Remote Storage  |e SB401 .N8  |h Library of Congress classification  |i unmediated -- volume  |k 90th  |l 2005  |m A14831443204  |p ric  |s JLF  |t 0 
952 f f |a Texas A&M University  |b Rellis Campus  |c Joint Library Facility  |d Remote Storage  |e SB401 .N8  |h Library of Congress classification  |i unmediated -- volume  |k 75th  |l 1990  |m A14814716953  |p ric  |s JLF  |t 0 
952 f f |a Texas A&M University  |b Rellis Campus  |c Joint Library Facility  |d Remote Storage  |e SB401 .N8  |h Library of Congress classification  |i unmediated -- volume  |k 109th  |l 2024  |m A14852193581  |p ric  |s JLF  |t 0 
952 f f |a Texas A&M University  |b Rellis Campus  |c Joint Library Facility  |d Remote Storage  |e SB401 .N8  |h Library of Congress classification  |i unmediated -- volume  |k 105th  |l 2020  |m A14842381304  |p ric  |s JLF  |t 0 
952 f f |a Texas A&M University  |b Rellis Campus  |c Joint Library Facility  |d Remote Storage  |e SB401 .N8  |h Library of Congress classification  |i unmediated -- volume  |k 82nd  |l 1997  |m A14823849006  |p ric  |s JLF  |t 0 
952 f f |a Texas A&M University  |b Rellis Campus  |c Joint Library Facility  |d Remote Storage  |e SB401 .N8  |h Library of Congress classification  |i unmediated -- volume  |k 99th  |l 2014  |m A14843156424  |p ric  |s JLF  |t 0 
952 f f |a Texas A&M University  |b Rellis Campus  |c Joint Library Facility  |d Remote Storage  |e SB401 .N8  |h Library of Congress classification  |i unmediated -- volume  |k 86th  |l 2001  |m A14828604207  |p ric  |s JLF  |t 0 
952 f f |a Texas A&M University  |b Rellis Campus  |c Joint Library Facility  |d Remote Storage  |e SB401 .N8  |h Library of Congress classification  |i unmediated -- volume  |k 80th  |l 1995  |m A14820968487  |p ric  |s JLF  |t 0 
952 f f |a Texas A&M University  |b Rellis Campus  |c Joint Library Facility  |d Remote Storage  |e SB401 .N8  |h Library of Congress classification  |i unmediated -- volume  |k 103rd  |l 2018  |m A14850889099  |p ric  |s JLF  |t 0 
952 f f |a Texas A&M University  |b Rellis Campus  |c Joint Library Facility  |d Remote Storage  |e SB401 .N8  |h Library of Congress classification  |i unmediated -- volume  |k 69th  |l 1984  |m A14811329309  |p ric  |s JLF  |t 0 
952 f f |a Texas A&M University  |b Rellis Campus  |c Joint Library Facility  |d Remote Storage  |e SB401 .N8  |h Library of Congress classification  |i unmediated -- volume  |k 101st  |l 2016  |m A14850218000  |p ric  |s JLF  |t 0 
952 f f |a Texas A&M University  |b Rellis Campus  |c Joint Library Facility  |d Remote Storage  |e SB401 .N8  |h Library of Congress classification  |i unmediated -- volume  |k 108th  |l 2023  |m A14851841966  |p ric  |s JLF  |t 0 
998 f f |a SB401 .N8  |s 107th-109th (2022-2024)  |t 0  |l Remote Storage